State plans for improving statistical services (Record no. 34333)

MARC details
000 -LEADER
fixed length control field 01182cam a22002411 4500
001 - CONTROL NUMBER
control field hew61000154
003 - CONTROL NUMBER IDENTIFIER
control field DLC
005 - DATE AND TIME OF LATEST TRANSACTION
control field 20260227111511.0
008 - FIXED-LENGTH DATA ELEMENTS--GENERAL INFORMATION
fixed length control field 790625s1961 dcuab f000 0 eng c
010 ## - LIBRARY OF CONGRESS CONTROL NUMBER
LC control number hew61000154
035 ## - SYSTEM CONTROL NUMBER
System control number (OCoLC)5106157
040 ## - CATALOGING SOURCE
Original cataloging agency U.S. Dept. of HEW
Transcribing agency OMC
Modifying agency OMC
-- DLC
050 00 - LIBRARY OF CONGRESS CALL NUMBER
Classification number L111
Item number .A6 1961, no. 16
051 ## - LIBRARY OF CONGRESS COPY, ISSUE, OFFPRINT STATEMENT
Classification number LB2846
Item number .S33
100 1# - MAIN ENTRY--PERSONAL NAME
Personal name Seibert, Ivan N.
Fuller form of name (Ivan Newton),
Dates associated with a name 1908-
Relator term comp.
245 10 - TITLE STATEMENT
Title State plans for improving statistical services
Remainder of title submitted by state education agencies, under section 1009, title X, Public law 85-864;
Statement of responsibility, etc. compiled by Ivan N. Seibert, Jerry N. Waddell and Louise R. Murphy.
260 ## - PUBLICATION, DISTRIBUTION, ETC.
Place of publication, distribution, etc. [Washington]
Name of publisher, distributor, etc. U.S. Dept. of Health, Education and Welfare, Office of Education
Date of publication, distribution, etc. [1961]
300 ## - PHYSICAL DESCRIPTION
Extent vi, 173 p.
Other physical details illus., map.
Dimensions 23 cm.
440 #0 - SERIES STATEMENT/ADDED ENTRY--TITLE
Title [U.S. Office of Education] Bulletin 1961,
Volume/sequential designation no. 16
500 ## - GENERAL NOTE
General note "OE-20028."
501 ## - WITH NOTE
With note Copies 1 and 3 of L111.A6 with: Three-two plan of engineering education / Henry Horton Armsby. Washington : U.S. Dept. of Health, Education and Welfare, Office of Education,1961. Bound together subsequent to publication.
Institution to which field applies DLC
650 #0 - SUBJECT ADDED ENTRY--TOPICAL TERM
Topical term or geographic name entry element Education
Geographic subdivision United States
General subdivision Statistics.

No items available.

Powered by Koha